Представление документа в формате MARC21

Поле Инд. ПП Название Значение
Тип записи a
Библиографический уровень m
001 Контрольный номер RU/LIBMSTU/230906540
005 Дата корректировки 20200422094539.7
008 Кодируемые данные 070503|||||||||ru |||||||||||000|||rus||
020 c Цена, тираж Б. ц.
040 b Код языка каталог. rus
e Правила каталог. PSBO
041 0_ a Код языка текста rus
084 a Индекс другой классификации/Индекс ББК 94+28.4+33.4
090 a Полочн. индекс 94
x Авторский знак В 75
100 1_ a Автор Воронина Н. В.
245 10 a Заглавие Развитие и функционирование микроорганизмов в цикле обогащения апатит-нефелиновых руд с использованием оборотного водоснабжения
b Продолж. заглавия автореф. дис. ... канд. техн. наук : 25.00.36
c Ответственность Ин-т проблем пром. экологии Севера Кольского науч. центра Рос. акад. наук
260 a Место издания Апатиты
c Дата издания 2007
300 a Объем 22 с.
504 a Библиография Библиогр.: с. 21-22
650 04 a Основная рубрика Обогащение полезных ископаемых-Авторефераты диссертаций
653 0_ a Ключевые слова Авторефераты диссертаций
a Ключевые слова Апатито-нефелиновые руды
a Ключевые слова Обогащение полезных ископаемых
a Ключевые слова Водоснабжение оборотное
a Ключевые слова Процессы микробиологические
a Ключевые слова Флотация
901 t Тип документа r